Logo BPK

Biblioteka

Politechniki Koszalińskiej

Język rosyjski dla lektoratów Wydziału Budownictwa i Architektury. (Rekord nr 15268)

Szczegóły MARC
000 -ETYKIETA REKORDU
podpole kontrolne o stałej długości 01566nam a2200421 i 4500
001 - NUMER KONTROLNY REKORDU
pole kontrolne 15268
003 - IDENTYFIKATOR NUMERU KONTROLNEGO REKORDU
podpole kontrolne KOSZ 005
005 - DATA OSTATNIEJ MODYFIKACJI REKORDU
podpole kontrolne 20210806093730.0
008 - POLE O STAŁEJ DŁUGOŚCI - DANE KONTROLNE
podpole kontrolne o stałej długości 200626s1972 pl a f 000 0 ros d
040 ## - ŹRÓDŁO KATALOGOWANIA
Instytucja, która sporządziła opis KOSZ 005
Instytucja, która utworzyła rekord KOSZ 005/RW
Instytucja, która dokonała modyfikacji KOSZ 005/HR
046 ## - DATY KODOWANE
Pojedyncza data lub początek okresu powstania dzieła lub zbioru dzieł 1972
080 ## - UNIWERSALNA KLASYFIKACJA DZIESIĘTNA - UKD
UKD 811.161.1
080 ## - UNIWERSALNA KLASYFIKACJA DZIESIĘTNA - UKD
UKD (075.8)
245 10 - TYTUŁ/ODPOWIEDZIALNOŚĆ
Tytuł Język rosyjski dla lektoratów Wydziału Budownictwa i Architektury.
Oznaczenie części/sekcji dzieła Cz. 2 /
Pozostałe elementy strefy tytułu i oznaczenia odpowiedzialności opracowała Antonina Reben ; Politechnika Szczecińska.
260 ## - STREFA ADRESU WYDAWNICZEGO
Miejsce wydania Szczecin :
Nazwa wydawcy/dystrybutora Wydawnictwo Uczelniane Politechniki Szczecińskiej,
Data publikacji, dystrybucji/powstania dokumentu 1972.
300 ## - STREFA OPISU FIZYCZNEGO
Objętość 191 stron :
Inne cechy fizyczne ilustracje ;
Rozmiary 24 cm.
336 ## - TYP ZAWARTOŚCI
Termin opisujący typ zawartości Tekst
Kod określający zawartość txt
Źródło (terminu i kodu) rdacontent
337 ## - TYP MEDIÓW
Tryb odtwarzania Bez urządzenia pośredniczącego
Kod typu mediów n
Źródło (terminu i kodu) rdamedia
338 ## - TYP/RODZAJ NOŚNIKA
Hasło opisujące typ nośnika Wolumin
Kod typu nośnika nc
Źródło (terminu i kodu) rdacarrier
380 ## - FORMA I TYP PUBLIKACJI
Forma i typ publikacji Książki
380 ## - FORMA I TYP PUBLIKACJI
Forma i typ publikacji Publikacje dydaktyczne
385 ## - ODBIORCA
Kategoria grupowa odbiorcy Poziom nauczania
Odbiorca Szkoły wyższe
388 ## - CZAS POWSTANIA
Czas powstania 1901-2000
388 ## - CZAS POWSTANIA
Czas powstania 1945-1989
504 ## - UWAGA DOTYCZĄCA BIBLIOGRAFII
Informacje o bibliografii Bibliografia na stronach [190]-191.
546 ## - UWAGA O JĘZYKU
Uwaga o języku Tekst w języku rosyjskim.
650 #7 - HASŁO PRZEDMIOTOWE W FORMIE NAZWY OGÓLNEJ LUB JEDNOSTKOWEJ
Nazwa ogólna lub geograficzna Język rosyjski
650 #7 - HASŁO PRZEDMIOTOWE W FORMIE NAZWY OGÓLNEJ LUB JEDNOSTKOWEJ
Nazwa ogólna lub geograficzna Terminologia
650 #7 - HASŁO PRZEDMIOTOWE W FORMIE NAZWY OGÓLNEJ LUB JEDNOSTKOWEJ
Nazwa ogólna lub geograficzna Budownictwo
655 #7 - TERMIN INDEKSOWY - OKREŚLENIE RODZAJU/FORMY DOKUMENTU
Określenie rodzaju/formy dokumentu Podręczniki akademickie
658 ## - TERMIN INDEKSOWY - PRZEDMIOT PROGRAMU NAUCZANIA
Główny przedmiot programu nauczania Językoznawstwo
658 ## - TERMIN INDEKSOWY - PRZEDMIOT PROGRAMU NAUCZANIA
Główny przedmiot programu nauczania Architektura i budownictwo
700 1# - HASŁO DODATKOWE - NAZWA OSOBOWA
Nazwa osobowa Reben, Antonina
Określenie związku między hasłem a opisywanym materiałem Opracowanie
710 2# - HASŁO DODATKOWE - NAZWA CIAŁA ZBIOROWEGO
Nazwa ciała zbiorowego lub jednostki geograficznej Politechnika Szczecińska
710 2# - HASŁO DODATKOWE - NAZWA CIAŁA ZBIOROWEGO
Nazwa ciała zbiorowego lub jednostki geograficznej Wydawnictwo Uczelniane Politechniki Szczecińskiej
Kod określenia powiązania pbl
856 ## - LOKALIZACJA I DOSTĘP DO ELEKTRONICZNYCH DOKUMENTÓW ZDALNYCH
Link (URL) http://koha.tu.koszalin.pl/cgi-bin/koha/opac-detail.pl?biblionumber=15268
Tekst linku Katalog online BPK
942 ## - DODATKOWE ELEMENTY (KOHA)
Schemat klasyfikacji Uniwersalna Klasyfikacja Dziesiętna
Typ dokumentu Książka
Egzemplarze
Wycofany Status egzemplarza Uszkodzony Dostępność Lokalizacja stała Lokalizacja bieżąca Miejsce przechowywania Sygnatura Kod kreskowy Typ dokumentu
      Dostępny Biblioteka Politechniki Koszalińskiej Biblioteka Politechniki Koszalińskiej Wypożyczalnia BG 15855 01731613 Książka
© 2023 Biblioteka Politechniki Koszalińskiej :: KOHA